1509 1686 1008 1769 1627 1522 1556 1055 1679 1112 1759 1113 1275 1156 1634 1593 1439 1490 1956 1245 1346 1999 1322 1388 1798 1845 1261 1880 1746 1394 1977 1523 1266 1863 1271 1804 1876 1519 1856 1197 1407 1210 2000 1205 1126 1125 1586 1519 1660 1074 1489 1547 1681 1562 1974 1191 1802 1049 1492 1548 1854 1721 1320 1292 1620 1911 1245 1474 1524 1463 1797 1878 1055 1400 1182 1165 1621 1475 1124 1921 1133 1855 1289 1304 1366 1310 1421 1761 1115 1024 1109 1333 1075 1671 1576 1946 1422 1088 1129 BCNSPRNW ULIB Ver.6.0+V

เปลี่ยนเป็นภาษาไทย

Change to English
 แสดงรายละเอียดบรรณานุกรม
  กลับหน้าหลัก

Brief Record : Get Marc (ISO 2709) : E-mail record : QR code < ปิดหน้าต่าง
LEADER : 00000nam 2200000uu 4500
001    13399127404
003     ULIB
008    200519s2015||||th 000 0 tha d
020    ^a9781506259857 (pbk.)
050  4 ^aPE1128^bS532T
100 1  ^aSharpe, Pamela J.
245 10 ^aTOEFL strategies and tips :^boutsmart the TOEFL /^cPamelaJ. Sharpe
246 30 ^aBarron s TOEFL strategies and tips : outsmart the TOEFL
246 30 ^aOutsmart the TOEFL
250    ^a2nd ed.
260    ^aHauppauge, N.Y. :^bBarron s Educational series,^c2015
300    ^ax, 453 p. :^bill. ;^c28 cm. +^e1 CD-ROM
650  0 ^aTest of English as a Foreign Language^vStudy guides
650  0 ^aEnglish language^vTextbooks for foreign speakers
650  0 ^aEnglish language^xExaminations^vStudy guides
653    ^aTOEFL
945    ^p386^l0^i007077
999    ^aประนอม เกษจรัล
รายการนี้ยังไม่มีแท็ก
คุณยังไม่ได้ล็อกอิน คุณสามารถมีกิจกรรมร่วมกับเว็บไซต์ได้ แต่ต้องล็อกอินก่อน ::
  ล็อกอิน

รายการสื่อสารสนเทศ

ลำดับที่ ประเภท เลขเรียก/บาร์โค้ด สถานที่ สถานะ
1. การศึกษาทั่วไป
หนังสือสำรอง
สถานะ=หนังสือสำรอง
PE1128 S532T ฉ.1 
  Barcode: 007077
ห้องสมุดวิทยาเขตสวรรค์ประชารักษ์
►หนังสือทั่วไป
บนชั้น

รายการใกล้เคียง
    ผู้แต่ง [Sharpe, Pamela J.]

BibComment


ยังไม่เคยถูกคอมเมนท์

คอมเมนท์ทรัพยากรรายการนี้
  คอมเมนท์: TOEFL strategies..


 Copyright 2026. Bcnsprnw @Library